000 00708nam a22002537a 4500
008 130624b xxu||||| |||| 00| 0 eng d
020 _a978-81-7319-836-6
024 _cAvailable
037 _cAvailable
040 _aMBSTU LIBRARY
_dMBSTU LIBRARY
082 _222
_a512.7 ROB
100 _aRobbins, Nabille
245 _aBegining number theory.
250 _a2nd
260 _aNew Delhi
_bNarosa Publishing House.
_c2006
300 _a24 cm.
_bxii, 338 page
_f10
_g24 cm.
600 _2Number theory.
650 _2Number theory.
700 _aRobbins, Nabille
270 _aNew Delhi
_bNew Delhi
_dIndia
365 _b385.00
_d385.00
942 _2ddc
_cBK
999 _c536
_d536